[Event "DSOL 06 Liga Gr-D 1st"]
[Site "Playchess.com INT"]
[Date "2020.08.10"]
[Round "2.1"]
[White "Kunze, Sebastian"]
[Black "Fobel, Simon"]
[Result "0-1"]
[WhiteElo "1899"]
[BlackElo "1755"]
[PlyCount "50"]
[EventDate "2020.06.22"]
[EventType "team-tourn (rapid)"]
[EventCountry "GER"]
[SourceTitle "EXT 2021"]
[Source "ChessBase"]
[SourceDate "2020.10.23"]
[SourceVersion "1"]
[SourceVersionDate "2020.10.23"]
[SourceQuality "1"]
[WhiteTeam "Fallersleben"]
[BlackTeam "Brackweda II"]
[WhiteTeamCountry "GER"]
[BlackTeamCountry "GER"]

1. c4 e5 2. g3 Nf6 3. Bg2 c6 4. d4 exd4 5. Qxd4 d5 6. Nf3 Be7 7. cxd5 cxd5 8. 0-0 Nc6 9. Qa4 0-0 10. Nc3 Be6 11. Be3 a6 12. Nd4 Qc7 13. Nxe6 fxe6 14. Rac1 b5 15. Qb3 Rad8 16. Bg5 Qd6 17. Rfd1 Na5 18. Qc2 Nc4 19. Bf4 Qb6 20. e4 d4 21. e5 Nh5 22. Na4 Qa7 23. Be4 h6 24. Qe2 Nxf4 25. Qg4 h5 0-1

[Event "DSOL 06 Liga Gr-D 1st"]
[Site "Playchess.com INT"]
[Date "2020.06.22"]
[Round "1.1"]
[White "Schmitz, Thomas"]
[Black "Fobel, Simon"]
[Result "1/2-1/2"]
[WhiteElo "1674"]
[BlackElo "1755"]
[PlyCount "45"]
[EventDate "2020.06.22"]
[EventType "team-tourn (rapid)"]
[EventCountry "GER"]
[SourceTitle "EXT 2021"]
[Source "ChessBase"]
[SourceDate "2020.10.23"]
[SourceVersion "1"]
[SourceVersionDate "2020.10.23"]
[SourceQuality "1"]
[WhiteTeam "Kreuzberg II"]
[BlackTeam "Brackweda II"]
[WhiteTeamCountry "GER"]
[BlackTeamCountry "GER"]

1. f4 d5 2. e3 c5 3. b3 Nc6 4. Nf3 Nf6 5. Bb5 Qb6 6. a4 Bg4 7. d3 g6 8. Nbd2 Bg7 9. Rb1 0-0 10. Bxc6 bxc6 11. h3 Bxf3 12. Qxf3 Nd7 13. h4 e5 14. Qh3 Rad8 15. h5 h6 16. hxg6 fxg6 17. Bb2 d4 18. Ne4 exf4 19. exf4 Nf6 20. Qe6+ Kh7 21. Ng5+ Kh8 22. Nf7+ Kh7 23. Ng5+ 1/2-1/2